Essentials of physical chemistry: (Record no. 329572)

000 -LEADER
fixed length control field 00974nam a22002057a 4500
003 - CONTROL NUMBER IDENTIFIER
control field NUST
005 - DATE AND TIME OF LATEST TRANSACTION
control field 20170515114909.0
008 - FIXED-LENGTH DATA ELEMENTS--GENERAL INFORMATION
fixed length control field 150822b xxu||||| |||| 00| 0 eng d
020 ## - INTERNATIONAL STANDARD BOOK NUMBER
International Standard Book Number 8121929784
040 ## - CATALOGING SOURCE
Transcribing agency 0
082 ## - DEWEY DECIMAL CLASSIFICATION NUMBER
Classification number 541.3 BAH
100 ## - MAIN ENTRY--PERSONAL NAME
9 (RLIN) 5404
Personal name Bahl, Arun
245 ## - TITLE STATEMENT
Title Essentials of physical chemistry:
Statement of responsibility, etc. Arun Bahl
Remainder of title (a textbook for B. Sc classes as per UGC model syllabus).
260 ## - PUBLICATION, DISTRIBUTION, ETC.
Date of publication, distribution, etc. c.2011
Place of publication, distribution, etc. Ram Nagar, New Delhi
Name of publisher, distributor, etc. S.Chand & Compny
300 ## - PHYSICAL DESCRIPTION
Extent 1144p.
500 ## - GENERAL NOTE
General note P.B
650 ## - SUBJECT ADDED ENTRY--TOPICAL TERM
9 (RLIN) 5409
Topical term or geographic name entry element Chemistry, Physical and theoretical
General subdivision ME / EE
942 ## - ADDED ENTRY ELEMENTS (KOHA)
Source of classification or shelving scheme
Koha item type Book
Call number prefix 541.3 BAH
Holdings
Withdrawn status Lost status Source of classification or shelving scheme Damaged status Not for loan Collection code Permanent Location Current Location Shelving location Date acquired Total Checkouts Full call number Barcode Date last seen Date last checked out Price effective from Koha item type
            Institute of Environmental Science and Engineering (IESE) Institute of Environmental Science and Engineering (IESE) General Stacks 05/15/2017 1 541.3 BAH IESE-2149 10/04/2023 09/20/2023 05/15/2017 Book
© 2023 Central Library, National University of Sciences and Technology. All Rights Reserved.